000 01148nam a22002057a 4500
003 OSt
005 20260122194132.0
008 230308b ||||| |||| 00| 0 eng d
040 _cOst
041 _ashan
082 _a294.343509
245 _aပိုၼ်းမူၺ်ႇတေႃႇလူင်ၽြႃးသိုဝ်ႈလႄႈဝဵင်းမိူင်းၵိုင်
_cၸုမ်းၵေႃးပၵဝဵင်းမိူင်းၵိုင်
260 _aတႃႈၵုင်ႈ
_bမွၵ်ႇၵူႇသွႆႈလႅင်
_c2002
300 _a96 ၼႃႈ
_bႁၢင်ႈ၊ လွၵ်း
_c24 ၸိၼ်ႇထီႇ
500 _aS-SAT: Dr. Prof Sai Aung Tun
500 _aပပ်ႉၸဝ်ႈတႃႇၼႁၢင်းၶေႃ တွၵ်ႉတိူဝ်ႉၸၢႆးဢွင်ႇထုၼ်း။ တႅမ်ႈဝႆႉတင်းတႆးလႄႈဢင်းၵိတ်းသွင်ၽႃႇသႃႇ။
650 _aပိုၼ်းၵွင်းမူး-မူၺ်ႇတေႃႇလူင်ၽြႃးသိုဝ်ႈ
_921718
942 _cBK1
942 _2ddc
999 _c22989
_d22989